00381nam a2200157Ia 4500008004100000020001500041041001200056082001100068100001800079245005400097250000800151260002500159300000800184650001500192700001600207221030s9999 xx 000 0 und d a0070603486 aEnglish a105.23 aD. R. Lehmann 0aProduct Managementcby D. R. Lehmann, R. S. Winer a4th bTMHaNew Delhic2009 a494 aManagement aR. S. Winer